000
00327nam a22001337a 4500
999
_c
55042
_d
55042
008
200205b ||||| |||| 00| 0 eng d
041
_a
eng
080
_2
043.3
_a
043.3
082
_a
043.3
100
_a
0
101
_a
MTH
245
_a
Efektet e Vendimmarrjes Menaxheriale në Burimet Njerëzor
_c
Maloku,Sh
942
_2
udc
_c
BK